| 000 | 00829cam a22002653a 4500 | ||
|---|---|---|---|
| 001 | 11376 | ||
| 003 | PGUSA | ||
| 005 | 20140828083236.0 | ||
| 008 | 040201s2004||||xxu|||||s|||||000 | eng d | ||
| 040 |
_aPGUSA _beng |
||
| 042 | _adc | ||
| 050 | 4 | _aBP | |
| 100 | 1 |
_aBesant, Annie, _d1847-1933 |
|
| 245 | 1 | 0 |
_aAutobiographical Sketches _h[electronic resource] / _cAnnie Besant |
| 260 |
_bProject Gutenberg, _c2004 |
||
| 506 | _aPublic domain in the USA. | ||
| 516 | _aElectronic text | ||
| 653 | _aBesant, Annie, 1847-1933 | ||
| 653 | _aWomen's rights -- Great Britain -- History -- 19th century | ||
| 653 | _aWomen social reformers -- Great Britain -- Biography | ||
| 653 | _aWomen authors, English -- Biography | ||
| 830 | 0 |
_aProject Gutenberg _v11376 |
|
| 856 | 4 | 0 | _uhttp://www.gutenberg.org/ebooks/11376 |
| 942 | _cEB | ||
| 999 |
_c240631 _d240631 |
||